[Event "East Lansing (MI Am/5)"]
[Site "?"]
[Date "1992.??.??"]
[Round "?"]
[White "Taylor, J."]
[Black "Rosebrook, G."]
[Result "0-1"]
[WhiteElo "1605"]
[BlackElo "1605"]
[PlyCount "94"]
[EventDate "1992.??.??"]

1. e4 c5 2. Nf3 Nf6 3. Bc4 e6 4. d3 a6 5. Bg5 b5 6. Bb3 Be7 7. Nc3 d6 8. Qd2
O-O 9. Bh6 Ng4 10. Bxg7 Kxg7 11. O-O-O Nc6 12. h3 Nh6 13. h4 Bf6 14. Ne2 e5 15.
Ng3 Bg4 16. Rdg1 Ne7 17. Nh2 Ng6 18. Nxg4 Nxg4 19. Nh5+ Kh8 20. Nxf6 Nxf6 21.
Qh6 Ng8 22. Qe3 Qf6 23. g3 N6e7 24. g4 Nc6 25. g5 Qg7 26. h5 Nd4 27. h6 Qg6 28.
Bd5 Rab8 29. f4 exf4 30. Qxf4 Ne2+ 31. Kd2 Nxf4 32. Bb3 a5 33. a4 bxa4 34. Bxa4
Rb4 35. b3 c4 36. dxc4 Qxe4 37. Re1 Qd4+ 38. Kc1 Rc8 39. Rhf1 Rxa4 40. bxa4
Rxc4 41. g6 hxg6 42. h7 Kxh7 43. Rd1 Qa1+ 44. Kd2 Qxa4 45. Rh1+ Kg7 46. Ra1
Qxc2+ 47. Ke3 Qe2# 0-1

[Event "East Lansing (MI Am/3)"]
[Site "?"]
[Date "1992.??.??"]
[Round "?"]
[White "Taylor, J."]
[Black "Nixon, Peter"]
[Result "0-1"]
[WhiteElo "1605"]
[BlackElo "1605"]
[PlyCount "140"]
[EventDate "1992.??.??"]

1. e4 c5 2. Nf3 Nc6 3. d4 cxd4 4. Nxd4 g6 5. Be3 Bg7 6. Nc3 Qb6 7. Nxc6 Bxc3+
8. bxc3 Qxc6 9. Qd2 Qxe4 10. Qd3 Nf6 11. f3 Qe6 12. Be2 O-O 13. O-O Nd5 14. Bh6
Re8 15. Rad1 Nf6 16. Qc4 Qxc4 17. Bxc4 d6 18. Rfe1 Bf5 19. Bd3 Be6 20. a3 Rac8
21. Bb5 Red8 22. Re3 Nd5 23. Red3 Nxc3 24. R1d2 Nxb5 25. Bg5 f6 26. Bh6 Bf5 27.
Rb3 Nc3 28. Rxb7 Rd7 29. Rb3 Na4 30. Kf1 Rdc7 31. Re2 Bxc2 32. Rbe3 e5 33. f4
Rc3 34. Rxc3 Rxc3 35. fxe5 dxe5 36. Rf2 f5 37. g4 Bd3+ 38. Ke1 Rxa3 39. gxf5
Bxf5 40. Rd2 Bd3 41. Rf2 Ra1+ 42. Kd2 Ra2+ 43. Ke3 Rxf2 44. Kxf2 Nc5 45. Be3
Ne4+ 46. Kf3 a5 47. h4 Kf7 48. h5 Ke6 49. hxg6 hxg6 50. Kg4 a4 51. Bc1 Kd5 52.
Kf3 Kc4 53. Ke3 Nc5 54. Bb2 e4 55. Kd2 Kb3 56. Bc1 a3 57. Bxa3 Kxa3 58. Ke3 g5
59. Kf2 Kb3 60. Ke3 Kc3 61. Kf2 Kd2 62. Kg2 e3 63. Kg3 e2 64. Kg4 e1=Q 65. Kxg5
Qe5+ 66. Kg4 Qf5+ 67. Kg3 Ne4+ 68. Kg2 Qg4+ 69. Kh2 Qg3+ 70. Kh1 Nf2# 0-1

[Event "Detroit (MOR/1b/35)"]
[Site "?"]
[Date "1992.??.??"]
[Round "?"]
[White "Taylor, E."]
[Black "Ridella, Dennis"]
[Result "1-0"]
[WhiteElo "1605"]
[BlackElo "1755"]
[PlyCount "83"]
[EventDate "1992.??.??"]

1. e4 e5 2. Nf3 Nc6 3. Bb5 a6 4. Ba4 b5 5. Bb3 Nf6 6. O-O Be7 7. Re1 O-O 8. h3
h6 9. c3 Bb7 10. d4 exd4 11. cxd4 d6 12. a4 bxa4 13. Rxa4 Nb8 14. Nc3 Nbd7 15.
Qe2 Nb6 16. Ra2 Re8 17. d5 Bf8 18. Qd3 Nfd7 19. Be3 Ne5 20. Nxe5 Rxe5 21. Rea1
Re8 22. Bc2 g6 23. Na4 Nd7 24. Qd2 h5 25. Nc3 Ne5 26. b3 Bg7 27. f4 Nd7 28. Bd3
Qf6 29. Rc1 Nb6 30. Ne2 Qe7 31. Rac2 Nxd5 32. Bf2 Nxf4 33. Qxf4 Bxe4 34. Rxc7
Qe6 35. Bxe4 Be5 36. Qf3 Rab8 37. Bd5 Qf6 38. Qxf6 Bxf6 39. Bxf7+ Kf8 40. Bxe8
Rxe8 41. Rc8 Bd8 42. Nd4 1-0

[Event "Detroit (MOR/7/51)"]
[Site "?"]
[Date "1992.??.??"]
[Round "?"]
[White "Taylor, E."]
[Black "Fleming, William"]
[Result "1/2-1/2"]
[WhiteElo "1605"]
[BlackElo "1705"]
[PlyCount "46"]
[EventDate "1992.??.??"]

{7/(51)} 1. g3 g6 2. Bg2 Bg7 3. Nf3 Nf6 4. d3 d6 5. c4 O-O 6. O-O e5 7. Nc3 c6
8. Bg5 Re8 9. Ne4 d5 10. Nxf6+ Bxf6 11. Bxf6 Qxf6 12. Qb3 dxc4 13. dxc4 Nd7 14.
Nd2 Nc5 15. Qe3 Qd8 16. Rfd1 Qb6 17. b3 Bf5 18. Nf3 Ne4 19. Qxb6 axb6 20. Nh4
Nc3 21. Rd2 Red8 22. Rxd8+ Rxd8 23. e4 Be6 1/2-1/2

[Event "Detroit (MOR/4/56)"]
[Site "?"]
[Date "1992.??.??"]
[Round "?"]
[White "Taylor, E."]
[Black "Falkowski, Kenneth"]
[Result "1-0"]
[WhiteElo "1605"]
[BlackElo "1700"]
[PlyCount "55"]
[EventDate "1992.??.??"]

{4/(56)} 1. e4 e6 2. d4 d5 3. Nc3 Nf6 4. Bg5 Be7 5. e5 Nfd7 6. Bxe7 Qxe7 7. Nf3
c5 8. Nb5 Nf8 9. Nd6+ Kd8 10. dxc5 a6 11. c4 Nfd7 12. cxd5 Nxc5 13. dxe6 Kc7
14. Rc1 b6 15. b4 Nc6 16. bxc5 b5 17. Nxf7 Rf8 18. Qd6+ Kb7 19. Nd4 Qxd6 20.
Nxd6+ Kc7 21. Nxc6 Kxc6 22. e7 Be6 23. exf8=Q Rxf8 24. Bd3 Kd5 25. O-O Kd4 26.
Bxh7 Rb8 27. f4 b4 28. Kf2 1-0

[Event "Detroit (MOR/3/61)"]
[Site "?"]
[Date "1992.??.??"]
[Round "?"]
[White "Taylor, E."]
[Black "Cook, P."]
[Result "1-0"]
[WhiteElo "1605"]
[BlackElo "1650"]
[PlyCount "107"]
[EventDate "1992.??.??"]

{3/(61)} 1. e4 c5 2. Nf3 d6 3. d4 cxd4 4. Nxd4 Nc6 5. Nc3 Nf6 6. f4 Bg4 7. Nf3
Bd7 8. Be3 e5 9. f5 Be7 10. Qd2 a6 11. O-O-O Ng4 12. Nd5 Nxe3 13. Qxe3 Nd4 14.
Nxe7 Nxf3 15. gxf3 Qxe7 16. Qd2 O-O 17. Qxd6 Qxd6 18. Rxd6 Bc6 19. Bc4 Rfd8 20.
Rhd1 Re8 21. Bd5 Bxd5 22. R1xd5 Rab8 23. Kd2 Kf8 24. Rd7 f6 25. c4 Re7 26. b4
Ke8 27. R7d6 Rc8 28. c5 Rec7 29. Kd3 Ke7 30. Kc4 Rb8 31. Rb6 Ra8 32. a4 Ra7 33.
Rd1 Ra8 34. Rg1 Kf7 35. Kd5 Rd8+ 36. Rd6 Rdc8 37. Rc1 Ke7 38. b5 axb5 39. axb5
Ra8 40. b6 Rcc8 41. c6 Ra5+ 42. Rc5 bxc6+ 43. Rdxc6 Rd8+ 44. Kc4 Rd4+ 45. Kb3
Rd3+ 46. Kc2 Rxc5+ 47. Rxc5 Rd8 48. Kc3 Rd7 49. Kc4 Rb7 50. Kb5 Kd7 51. Ka6 Rb8
52. Ka7 Rg8 53. b7 Kd6 54. Rc8 1-0

[Event "Detroit (MOR/4/81)"]
[Site "?"]
[Date "1992.??.??"]
[Round "?"]
[White "Tanner, M."]
[Black "Nixon, Peter"]
[Result "1/2-1/2"]
[WhiteElo "1620"]
[BlackElo "1605"]
[PlyCount "51"]
[EventDate "1992.??.??"]

{4/(81)} 1. e4 c5 2. b4 b6 3. bxc5 bxc5 4. Bb2 Qb6 5. Qc1 Bb7 6. Nc3 Nf6 7. d3
g6 8. Nf3 d6 9. Rb1 Bg7 10. Ba1 Qa5 11. Rxb7 Nxe4 12. dxe4 Bxc3+ 13. Bxc3 Qxc3+
14. Nd2 O-O 15. Bd3 Nc6 16. O-O Nb4 17. Nc4 d5 18. exd5 Nxd5 19. Qg5 Rfd8 20.
Rb3 Qg7 21. Rfb1 h6 22. Qc1 Nc3 23. R1b2 Na4 24. Rb1 Nc3 25. R1b2 Na4 26. Rb1
1/2-1/2

[Event "Detroit (MOR/2/79)"]
[Site "?"]
[Date "1992.??.??"]
[Round "?"]
[White "Tanner, M."]
[Black "Mailing, Don"]
[Result "1/2-1/2"]
[WhiteElo "1620"]
[BlackElo "1605"]
[PlyCount "45"]
[EventDate "1992.??.??"]

{2/(79)} 1. e4 e6 2. d4 d5 3. Nd2 Bb4 4. c3 Ba5 5. Ngf3 Bb6 6. Bb5+ Bd7 7. Ba4
Ne7 8. O-O O-O 9. Re1 c5 10. dxc5 Bxc5 11. exd5 Nxd5 12. Ne4 Be7 13. c4 Bxa4
14. Qxa4 Nf6 15. Bg5 Nxe4 16. Bxe7 Qxe7 17. Rxe4 Nc6 18. Rd1 Rad8 19. Re2 Rxd1+
20. Qxd1 Rd8 21. Rd2 Rxd2 22. Qxd2 h6 23. Kf1 1/2-1/2

[Event "Lansing (Apr)"]
[Site "?"]
[Date "1992.??.??"]
[Round "?"]
[White "Talreja, M."]
[Black "Wright, Ken"]
[Result "1/2-1/2"]
[WhiteElo "1605"]
[BlackElo "1605"]
[PlyCount "69"]
[EventDate "1992.??.??"]

1. e4 c5 2. Nf3 Nc6 3. Bc4 e6 4. O-O h6 5. h3 Bd6 6. Re1 f6 7. Bb5 Qc7 8. Bxc6
bxc6 9. e5 fxe5 10. Nxe5 Nf6 11. Nf3 O-O 12. d3 Ba6 13. c4 Rf7 14. Nc3 Nh5 15.
Ne5 Bxe5 16. Qxh5 d6 17. Bxh6 gxh6 18. Qxh6 Rf6 19. Qg5+ Qg7 20. Qxg7+ Kxg7 21.
Ne4 Rf4 22. Rab1 Raf8 23. b3 Bc8 24. Ng3 Kg6 25. Ne4 Rd8 26. a3 a6 27. Nd2 Rdf8
28. g3 R4f5 29. Ne4 R8f7 30. f4 Bd4+ 31. Kg2 Rf8 32. Ng5 R5f6 33. Ne4 Rf5 34.
Ng5 Re8 35. Ne4 1/2-1/2

[Event "East Lansing (MI Am/1)"]
[Site "?"]
[Date "1992.??.??"]
[Round "?"]
[White "Talreja, M."]
[Black "Triplett, Thomas"]
[Result "0-1"]
[WhiteElo "1605"]
[BlackElo "1920"]
[PlyCount "118"]
[EventDate "1992.??.??"]

1. b4 e5 2. a3 Nf6 3. Bb2 d6 4. e3 Be7 5. Nf3 O-O 6. Be2 b6 7. O-O Bb7 8. c4
Nbd7 9. Nc3 c6 10. Qc2 g6 11. Ne4 Nxe4 12. Qxe4 Nf6 13. Qc2 Re8 14. Rfe1 Bc8
15. Rad1 Qc7 16. d4 Bf5 17. Qd2 e4 18. Nh4 d5 19. Nxf5 gxf5 20. h3 Qd6 21. c5
Qe6 22. Rc1 b5 23. Qd1 Kh8 24. f4 Rg8 25. Kh1 Rg3 26. Bc3 Nd7 27. Rg1 Qh6 28.
Bh5 Nf6 29. Be1 Rxe3 30. Bh4 Nxh5 31. Bxe7 Ng3+ 32. Kh2 Ne2 33. Bg5 Qh5 34. Re1
h6 35. Bf6+ Kh7 36. Rc2 Qg6 37. Rexe2 Rxe2 38. Qxe2 Qxf6 39. Qe3 a5 40. bxa5
Rxa5 41. Qc3 Ra4 42. Rd2 Rc4 43. Qe3 Qd8 44. Qb3 Qa5 45. Rd1 Rc3 46. Qb4 Qxa3
47. Qxa3 Rxa3 48. g4 fxg4 49. hxg4 Rd3 50. Ra1 Rxd4 51. Ra6 e3 52. g5 e2 53.
Rxc6 hxg5 54. fxg5 e1=Q 55. Rh6+ Kg7 56. Rf6 Qh4+ 57. Kg1 Qxg5+ 58. Kf1 Qxf6+
59. Ke2 Qe5+ 0-1

[Event "Lansing (Aug)"]
[Site "?"]
[Date "1992.??.??"]
[Round "?"]
[White "Talreja, M."]
[Black "Sundeen, David"]
[Result "0-1"]
[WhiteElo "1605"]
[BlackElo "1680"]
[PlyCount "58"]
[EventDate "1992.??.??"]

1. d3 Nf6 2. g3 g6 3. Bg2 Bg7 4. Nf3 O-O 5. O-O d5 6. Nbd2 c6 7. c4 Nbd7 8.
cxd5 Nxd5 9. Rb1 Ne5 10. Nxe5 Bxe5 11. Ne4 Rb8 12. Bh6 Bg7 13. Bxg7 Kxg7 14.
Nc3 Nxc3 15. bxc3 Qc7 16. c4 b5 17. c5 a5 18. Qc2 Be6 19. a3 b4 20. axb4 axb4
21. Rxb4 Rxb4 22. Qc3+ f6 23. Qxb4 Rb8 24. Qa4 Bd7 25. Ra1 Qe5 26. Qa7 Qb2 27.
Qa2 Qxa2 28. Rxa2 Rb1+ 29. Bf1 Bh3 0-1

[Event "Lansing (Aug)"]
[Site "?"]
[Date "1992.??.??"]
[Round "?"]
[White "Talreja, M."]
[Black "Nicolli, Randy"]
[Result "0-1"]
[WhiteElo "1605"]
[BlackElo "1605"]
[PlyCount "72"]
[EventDate "1992.??.??"]

1. d3 f5 2. g3 e5 3. Bg2 d6 4. Nf3 Nf6 5. O-O Nc6 6. c4 Be7 7. Nc3 O-O 8. a3 a5
9. Rb1 h6 10. Nh4 Qe8 11. Nd5 Nxd5 12. Bxd5+ Kh8 13. Nf3 f4 14. b4 Bh3 15. Re1
axb4 16. axb4 Rb8 17. b5 Nd8 18. d4 Qg6 19. Bb2 fxg3 20. fxg3 c6 21. bxc6 bxc6
22. dxe5 cxd5 23. cxd5 Qf5 24. exd6 Bxd6 25. Qd4 Rf7 26. Nh4 Qc2 27. Qc3 Bc5+
28. Kh1 Qe4+ 29. Nf3 Bb4 30. Qb3 Rbb7 31. Qa2 Rxf3 32. Bxg7+ Kxg7 33. Qb2+ Bc3
34. Qxb7+ Nf7 35. Qxf7+ Kxf7 36. Rb7+ Kf6 0-1

[Event "Lansing (Apr)"]
[Site "?"]
[Date "1992.??.??"]
[Round "?"]
[White "Talreja, M."]
[Black "Kamberi, Sonny"]
[Result "1-0"]
[WhiteElo "1605"]
[BlackElo "1605"]
[PlyCount "71"]
[EventDate "1992.??.??"]

1. e4 e5 2. Nf3 Nc6 3. Bb5 a6 4. Bxc6 dxc6 5. O-O Bd6 6. c3 Bg4 7. d4 Qe7 8.
Re1 Nf6 9. Bg5 h6 10. Bh4 g5 11. Bg3 Nd7 12. Qd3 O-O-O 13. Nbd2 Qe6 14. Nc4
Bxf3 15. Nxd6+ cxd6 16. Qxf3 Rhf8 17. a3 f5 18. exf5 Rxf5 19. Qg4 Nf6 20. Qe2
Re8 21. dxe5 dxe5 22. Rad1 h5 23. h3 h4 24. Bh2 Qg8 25. Rd6 Qg7 26. Red1 g4 27.
hxg4 Nxg4 28. f3 Nxh2 29. Kxh2 Qg3+ 30. Kg1 h3 31. Kh1 Rh5 32. Rxc6+ Kb8 33.
Kg1 Rg8 34. Rd2 Rgh8 35. Rcd6 hxg2 36. Rd8+ 1-0

[Event "East Lansing (MI Am/3)"]
[Site "?"]
[Date "1992.??.??"]
[Round "?"]
[White "Talreja, M."]
[Black "Calabria, John"]
[Result "1-0"]
[WhiteElo "1605"]
[BlackElo "1605"]
[PlyCount "115"]
[EventDate "1992.??.??"]

1. g3 e5 2. Bg2 Nf6 3. d3 Nc6 4. Nf3 d5 5. O-O Be7 6. Nbd2 O-O 7. c4 Be6 8. b3
d4 9. Ng5 Bf5 10. Be4 Qc8 11. Bxf5 Qxf5 12. Nde4 h6 13. Nxf6+ Bxf6 14. Ne4 b6
15. f4 Rfe8 16. fxe5 Qxe5 17. Nxf6+ gxf6 18. e4 dxe3 19. Qg4+ Kh8 20. Rb1 Rg8
21. Qe2 Rae8 22. Bb2 Nd4 23. Bxd4 Qxd4 24. Rbe1 Rg4 25. Rf3 Reg8 26. Qxe3 h5
27. Qxd4 Rxd4 28. Re7 h4 29. Kg2 hxg3 30. hxg3 Rgd8 31. Rxf7 Rxd3 32. R7xf6
Rxf3 33. Rxf3 c5 34. Rf2 Kg7 35. Kh3 Rd4 36. Rg2 a5 37. Re2 Kf6 38. g4 a4 39.
Kh4 axb3 40. axb3 Rd8 41. g5+ Kf5 42. Rf2+ Kg6 43. Rf6+ Kg7 44. Rxb6 Rd1 45.
Rb5 Rh1+ 46. Kg4 Rg1+ 47. Kf5 Rf1+ 48. Ke6 Re1+ 49. Kd6 Kg6 50. Rxc5 Rb1 51.
Rb5 Rd1+ 52. Kc7 Rg1 53. Kb7 Rb1 54. c5 Kxg5 55. c6+ Kf6 56. c7 Rc1 57. c8=Q
Rxc8 58. Kxc8 1-0

[Event "Ann Arbor (HVA/2/3)"]
[Site "?"]
[Date "1992.??.??"]
[Round "?"]
[White "Takriti, Samer"]
[Black "Skidmore, Jennifer"]
[Result "1/2-1/2"]
[WhiteElo "1835"]
[BlackElo "1925"]
[PlyCount "90"]
[EventDate "1992.??.??"]

{2/(3)} 1. e4 c5 2. Nc3 Nc6 3. g3 g6 4. Bg2 Bg7 5. d3 e6 6. Be3 d6 7. Nge2 Nf6
8. h3 a6 9. O-O O-O 10. Qd2 Rb8 11. f4 b6 12. e5 Nd5 13. Nxd5 exd5 14. d4 Be6
15. c3 dxe5 16. fxe5 Na5 17. b3 c4 18. b4 Nc6 19. Bh6 Ne7 20. Bxg7 Kxg7 21. Nf4
Nf5 22. Nxe6+ fxe6 23. g4 Nh6 24. Rxf8 Qxf8 25. Rf1 Qe7 26. Qf4 Rf8 27. Qxf8+
Qxf8 28. Rxf8 Kxf8 29. Kf2 Ke7 30. a4 g5 31. Bf3 Nf7 32. Bd1 Nd8 33. Bc2 h6 34.
Kg3 Kd7 35. h4 Kc6 36. h5 b5 37. a5 Nb7 38. Kf2 Nd8 39. Ke3 Kd7 40. Bh7 Ke7 41.
Bg6 Nc6 42. Bc2 Kf8 43. Bg6 Ne7 44. Bc2 Kg8 45. Bb1 Kf8 1/2-1/2

[Event "Ann Arbor (HVA/4/10)"]
[Site "?"]
[Date "1992.??.??"]
[Round "?"]
[White "Takriti, Samer"]
[Black "Pavlovich, J."]
[Result "1-0"]
[WhiteElo "1835"]
[BlackElo "1680"]
[PlyCount "68"]
[EventDate "1992.??.??"]

{4/(10)} 1. e4 c5 2. Nc3 Nc6 3. g3 g6 4. Bg2 Bg7 5. d3 e6 6. Be3 b6 7. Nge2
Nge7 8. Qd2 Nd4 9. Bxd4 cxd4 10. Nb5 O-O 11. Nbxd4 a6 12. c3 Bb7 13. O-O d5 14.
Nb3 Qc7 15. f4 Rfd8 16. e5 Nc6 17. Ned4 Bh6 18. Nxc6 Bxc6 19. Nd4 Bb7 20. Qe2
Rac8 21. g4 Bg7 22. Rae1 b5 23. f5 exf5 24. gxf5 Re8 25. e6 Bxd4+ 26. cxd4 fxe6
27. fxg6 hxg6 28. Qg4 Kg7 29. Rxe6 Rxe6 30. Qxe6 Rd8 31. Qf6+ Kh6 32. Rf4 Qc1+
33. Bf1 Qxf4 34. Qxf4+ Kg7 1-0

[Event "Flint (Class B/3)"]
[Site "?"]
[Date "1992.??.??"]
[Round "?"]
[White "Swartz, J."]
[Black "Sledge, Ernest"]
[Result "0-1"]
[WhiteElo "1605"]
[BlackElo "1690"]
[PlyCount "88"]
[EventDate "1992.??.??"]

1. d4 d5 2. c4 e6 3. cxd5 Qxd5 4. Nc3 Qd8 5. e4 Nf6 6. Nf3 Be7 7. Bd3 h6 8. O-O
O-O 9. Qc2 c6 10. e5 Nd5 11. Bd2 Nd7 12. a3 f5 13. exf6 N7xf6 14. Ne5 Bd6 15.
Ng6 Rf7 16. Ne5 Rf8 17. Ne4 Bxe5 18. dxe5 Ng4 19. f4 Rf7 20. Rf3 h5 21. Nd6
Qb6+ 22. Kh1 Rf8 23. Raf1 Bd7 24. Nc4 Qc5 25. h3 b5 26. hxg4 bxc4 27. Rh3 Be8
28. Be4 a5 29. gxh5 Ne7 30. h6 Nf5 31. hxg7 Rf7 32. g4 Nxg7 33. Bh7+ Kf8 34.
Be3 Qd5+ 35. Be4 Qb5 36. Rh8+ Ke7 37. Bg6 c5 38. Bxf7 Bc6+ 39. Kg1 Rxh8 40. Bh5
Nxh5 41. Qh2 Qb3 42. Bxc5+ Kd7 43. Qd2+ Bd5 44. f5 Qg3+ 0-1

[Event "Flint (MI Senior/3)"]
[Site "?"]
[Date "1992.??.??"]
[Round "?"]
[White "Swartz, J."]
[Black "Rostrom, Richard"]
[Result "0-1"]
[WhiteElo "1605"]
[BlackElo "1730"]
[PlyCount "82"]
[EventDate "1992.??.??"]

1. d4 Nf6 2. c4 c5 3. d5 b5 4. cxb5 a6 5. Nc3 Qa5 6. bxa6 Bxa6 7. Bd2 Qc7 8. e4
Bxf1 9. Kxf1 d6 10. a4 g6 11. g3 Bg7 12. Nb5 Qd8 13. Qe1 Nfd7 14. Bc3 O-O 15.
Bxg7 Kxg7 16. Nf3 Na6 17. Qc3+ Kg8 18. h4 Nc7 19. Kg2 Nxb5 20. axb5 Qb6 21. Qd3
Rxa1 22. Rxa1 Rb8 23. Ng5 Ne5 24. Qe2 h6 25. Nf3 Nxf3 26. Kxf3 Qxb5 27. Qxb5
Rxb5 28. Ra2 Kg7 29. g4 Kf6 30. Kf4 g5+ 31. hxg5+ hxg5+ 32. Ke3 Rb3+ 33. Ke2
Ke5 34. f3 Kf4 35. Kd2 Rxf3 36. Ra7 Kxe4 37. Rxe7+ Kxd5 38. Ke2 Rf4 39. Ke3
Rxg4 40. Rxf7 Kc4 41. Rb7 Rg3+ 0-1

[Event "Lansing (Apr)"]
[Site "?"]
[Date "1992.??.??"]
[Round "?"]
[White "Swartz, J."]
[Black "Nicolli, Randy"]
[Result "1-0"]
[WhiteElo "1605"]
[BlackElo "1605"]
[PlyCount "77"]
[EventDate "1992.??.??"]

1. d4 f5 2. g3 e6 3. Nf3 Nf6 4. Nc3 d5 5. Ne5 Nbd7 6. f3 Bd6 7. f4 c6 8. e3 O-O
9. Bh3 Qe7 10. g4 Ne4 11. Nxe4 fxe4 12. g5 c5 13. Qg4 Nb6 14. Bd2 cxd4 15. exd4
Bxe5 16. dxe5 Nc4 17. O-O-O Bd7 18. a3 Rac8 19. Bb4 Rc5 20. Qg1 e3 21. Bf1 a5
22. Bxc5 Qxc5 23. Bxc4 Qxc4 24. Qxe3 Rxf4 25. b3 Qe4 26. Qxe4 Rxe4 27. Rde1 Rf4
28. a4 b5 29. axb5 Bxb5 30. h4 g6 31. Rh2 Kf7 32. Kd2 d4 33. Ra1 Rf5 34. Rxa5
Rxe5 35. Rf2+ Kg8 36. Ra8+ Kg7 37. Rff8 Bc6 38. Rab8 Re4 39. Rfc8 1-0

[Event "Flint (Class B/2)"]
[Site "?"]
[Date "1992.??.??"]
[Round "?"]
[White "Swartz, J."]
[Black "Labiner, Jordan"]
[Result "1-0"]
[WhiteElo "1605"]
[BlackElo "1655"]
[PlyCount "89"]
[EventDate "1992.??.??"]

1. d4 Nf6 2. c4 e6 3. Nc3 Bb4 4. a3 Bxc3+ 5. bxc3 d5 6. cxd5 Qxd5 7. e3 c5 8.
Nf3 Nbd7 9. Bd3 c4 10. Bc2 Ne4 11. Bxe4 Qxe4 12. O-O b6 13. Ng5 Qg6 14. Qf3 Rb8
15. Ne4 e5 16. a4 f5 17. Nd2 O-O 18. Qd5+ Qf7 19. Qxc4 Qxc4 20. Nxc4 Ba6 21.
Ba3 Bxc4 22. Bxf8 Bxf1 23. Bd6 Rc8 24. Kxf1 exd4 25. cxd4 Rc2 26. g3 Kf7 27.
Ba3 Nf6 28. Rc1 Rxc1+ 29. Bxc1 Nd5 30. Bd2 a5 31. f3 Ke6 32. Ke2 Nb4 33. e4
fxe4 34. fxe4 Kd6 35. Bf4+ Kc6 36. Kd2 b5 37. d5+ Nxd5 38. axb5+ Kc5 39. exd5
Kxd5 40. b6 Kc6 41. Be3 Kb7 42. Bd4 g6 43. Ke3 h6 44. Kf4 a4 45. h4 1-0

[Event "Flint (MI Senior/1)"]
[Site "?"]
[Date "1992.??.??"]
[Round "?"]
[White "Swartz, J."]
[Black "LaForge, Tom"]
[Result "0-1"]
[WhiteElo "1605"]
[BlackElo "2085"]
[PlyCount "114"]
[EventDate "1992.??.??"]

1. d4 Nf6 2. c4 c5 3. d5 e5 4. Nc3 d6 5. e4 Be7 6. Be2 Nbd7 7. f4 exf4 8. Bxf4
Ne5 9. Bxe5 dxe5 10. Nf3 Bd6 11. O-O O-O 12. h3 a6 13. Qd2 Bd7 14. Nh2 Rb8 15.
Rae1 b5 16. Bd3 Nh5 17. Ne2 g6 18. Rf3 bxc4 19. Bxc4 Rb4 20. b3 a5 21. a3 Rb7
22. Nf1 a4 23. g4 Ng7 24. Nc1 Qh4 25. Ne3 axb3 26. Nxb3 Qg5 27. Nf1 Qxd2 28.
Nfxd2 Ra8 29. Ra1 h5 30. Rg3 Be7 31. d6 Bxd6 32. Bd5 Rab8 33. Bxb7 Rxb7 34. Nc4
Bf8 35. Nxe5 Be6 36. Nd2 Bd6 37. Ndf3 f6 38. Rd1 Bxe5 39. Nxe5 fxe5 40. a4 hxg4
41. hxg4 Bb3 42. Ra1 Ne6 43. a5 Nd4 44. Kf2 Rf7+ 45. Kg2 c4 46. a6 Ra7 47. Ra5
Kf7 48. Rh3 Kf6 49. Rh8 c3 50. Rb8 c2 51. Rb6+ Kg5 52. Rxe5+ Kf4 53. Rc5 Kxe4
54. Rc3 g5 55. Rf6 Ne2 56. Re6+ Bxe6 57. Rxc2 Nf4+ 0-1

[Event "Flint (MI Senior/4)"]
[Site "?"]
[Date "1992.??.??"]
[Round "?"]
[White "Swartz, J."]
[Black "Foord, Allan"]
[Result "1/2-1/2"]
[WhiteElo "1605"]
[BlackElo "1695"]
[PlyCount "127"]
[EventDate "1992.??.??"]

1. d4 Nf6 2. Nf3 g6 3. g3 Bg7 4. Bg2 d5 5. O-O O-O 6. Bf4 Nbd7 7. Nc3 c6 8. Qd2
Nh5 9. Bh6 f6 10. g4 Bxh6 11. Qxh6 Ng7 12. g5 Nb6 13. b3 Nf5 14. Qh3 Nxd4 15.
Qg3 Nxc2 16. Rac1 Nb4 17. Nd4 e5 18. Nc2 Nxc2 19. Rxc2 Bf5 20. e4 dxe4 21. Rd1
Qe7 22. gxf6 Qxf6 23. Rcd2 Rad8 24. Rxd8 Rxd8 25. Rxd8+ Qxd8 26. Qxe5 Kf7 27.
Bxe4 Qe7 28. Qxe7+ Kxe7 29. f3 Ke6 30. Kf2 Nd5 31. Ne2 Bxe4 32. fxe4 Nf6 33.
Kf3 Ke5 34. Nc3 g5 35. h3 h5 36. a4 a5 37. Ke3 g4 38. h4 Nd7 39. Ne2 Nc5 40.
Ng3 Nxb3 41. Nxh5 Nc5 42. Ng3 b5 43. h5 bxa4 44. h6 Kf6 45. Kd4 a3 46. Kc3 Kg6
47. Nf5 Nxe4+ 48. Kb3 Kxf5 49. h7 g3 50. h8=Q Kf4 51. Qh1 Nf2 52. Qg2 c5 53.
Kxa3 c4 54. Qf1 Kf3 55. Qg1 Nh3 56. Qh1+ Kg4 57. Qe4+ Nf4 58. Qh1 g2 59. Qg1
Kg3 60. Ka4 Ne2 61. Qe1+ Kf3 62. Kxa5 g1=Q 63. Qxg1 Nxg1 64. Kb4 1/2-1/2

[Event "Detroit (MOR/5/72)"]
[Site "?"]
[Date "1992.??.??"]
[Round "?"]
[White "Sunts, A."]
[Black "Papanichola, D."]
[Result "0-1"]
[WhiteElo "1605"]
[BlackElo "1605"]
[PlyCount "76"]
[EventDate "1992.??.??"]

{5/(72)} 1. e4 d5 2. exd5 Qxd5 3. Nc3 Qa5 4. Qf3 c6 5. Bc4 Nf6 6. h3 Bf5 7. d3
Nbd7 8. Nge2 e6 9. O-O Ne5 10. Qg3 Nxc4 11. dxc4 Bxc2 12. Bg5 Be7 13. Bf4 O-O
14. Nd4 Bg6 15. Rae1 Nh5 16. Qf3 Nxf4 17. Qxf4 Qb4 18. Qe3 Bc5 19. Qe5 Bxd4 20.
Qxd4 Rfd8 21. Qe3 Bd3 22. Ne4 Bxf1 23. Rxf1 Qxb2 24. c5 Rd5 25. a4 b6 26. cxb6
axb6 27. Nc3 Rc5 28. Ne4 Rc4 29. Rd1 Qc2 30. Nf6+ gxf6 31. Qg3+ Qg6 32. Qc7
Rcxa4 33. Rd8+ Rxd8 34. Qxd8+ Kg7 35. Qxb6 Ra2 36. Qxc6 Qb1+ 37. Kh2 Qb8+ 38.
g3 Rxf2+ 0-1

[Event "Detroit (MOR/1b/52)"]
[Site "?"]
[Date "1992.??.??"]
[Round "?"]
[White "Sunts, A."]
[Black "Mitchell, C."]
[Result "1/2-1/2"]
[WhiteElo "1605"]
[BlackElo "1605"]
[PlyCount "69"]
[EventDate "1992.??.??"]

1. e4 c6 2. Nf3 d5 3. e5 Bg4 4. Be2 Nd7 5. d4 c5 6. O-O cxd4 7. Qxd4 Bxf3 8.
Bxf3 e6 9. Be3 Bc5 10. Qd2 Qb6 11. c3 Bxe3 12. fxe3 Nxe5 13. b3 Nxf3+ 14. Rxf3
Nf6 15. Qd3 O-O 16. Nd2 Rac8 17. Raf1 Qc7 18. c4 dxc4 19. bxc4 Rfd8 20. Qe2 Ng4
21. Rg3 Ne5 22. Rf4 Qb6 23. Nb3 Rd7 24. Qb2 Rd1+ 25. Rf1 Qd6 26. Qe2 Rxf1+ 27.
Qxf1 Rxc4 28. h3 Rc2 29. Qf6 Ng6 30. Qf3 Rxa2 31. Nd4 Ra1+ 32. Kh2 Qb6 33. Rg5
Qb1 34. Rb5 Qh1+ 35. Kg3 1/2-1/2

[Event "Detroit (MOR/3/66)"]
[Site "?"]
[Date "1992.??.??"]
[Round "?"]
[White "Sunts, A."]
[Black "Letourneau, Keith"]
[Result "0-1"]
[WhiteElo "1605"]
[BlackElo "1670"]
[PlyCount "106"]
[EventDate "1992.??.??"]

{3/(66)} 1. e4 c6 2. Nf3 d5 3. exd5 cxd5 4. d4 Nc6 5. Be2 Nf6 6. h3 e6 7. Bf4
Bd6 8. Be5 Bxe5 9. dxe5 Ne4 10. Nc3 Nxc3 11. bxc3 Qc7 12. Bb5 O-O 13. Bxc6 Qxc6
14. Qd2 Bd7 15. O-O Rfc8 16. Rfc1 Qxc3 17. Qf4 Rc4 18. Qg5 f6 19. exf6 Qxf6 20.
Qe5 Qxe5 21. Nxe5 Rc7 22. c4 dxc4 23. Rxc4 Rxc4 24. Nxc4 Bc6 25. a3 Bd5 26. Ne3
Kf7 27. Rc1 Re8 28. f4 Bc6 29. Nc4 Kf6 30. g4 g5 31. fxg5+ Kxg5 32. Re1 Kf4 33.
Kh2 e5 34. Rf1+ Bf3 35. Rf2 e4 36. Kg1 Rc8 37. Nd2 Rc1+ 38. Rf1 Rxf1+ 39. Kxf1
e3 40. Nb3 Ke5 41. g5 Kd5 42. Nc1 Kc4 43. a4 Kc3 44. Ne2+ Kd2 45. Nd4 e2+ 46.
Nxe2 Bxe2+ 47. Kf2 b5 48. axb5 Bxb5 49. Kf3 a5 50. h4 a4 51. h5 a3 52. g6 hxg6
53. hxg6 Bc4 0-1

[Event "Detroit (MOR/7/52)"]
[Site "?"]
[Date "1992.??.??"]
[Round "?"]
[White "Sundeen, David"]
[Black "Wisckol, Richard"]
[Result "1/2-1/2"]
[WhiteElo "1680"]
[BlackElo "1790"]
[PlyCount "66"]
[EventDate "1992.??.??"]

{7/(52)} 1. e4 c5 2. Nc3 Nc6 3. g3 g6 4. Bg2 Bg7 5. d3 e6 6. f4 Nge7 7. Be3 Qa5
8. Qd2 O-O 9. a3 Rd8 10. Rb1 d5 11. exd5 exd5 12. Nce2 Qxd2+ 13. Bxd2 Bf5 14.
Bh3 c4 15. Bxf5 Nxf5 16. Nf3 Re8 17. Kf2 Re7 18. Rhe1 Rae8 19. dxc4 dxc4 20. c3
Nd6 21. Rbd1 Ne4+ 22. Kf1 Nxd2+ 23. Nxd2 b5 24. Nf3 Bf8 25. Ned4 Rxe1+ 26. Rxe1
Rxe1+ 27. Kxe1 Nxd4 28. Nxd4 a6 29. f5 Kg7 30. fxg6 hxg6 31. Ke2 Kf6 32. Kf3
Bh6 33. Ne2 Ke5 1/2-1/2

[Event "Detroit (MOR/3/59)"]
[Site "?"]
[Date "1992.??.??"]
[Round "?"]
[White "Sundeen, David"]
[Black "Shelters, Richard"]
[Result "1-0"]
[WhiteElo "1680"]
[BlackElo "1605"]
[PlyCount "79"]
[EventDate "1992.??.??"]

{3/(59)} 1. e4 e5 2. f4 d6 3. Nf3 Bg4 4. Bc4 Bh5 5. O-O Nd7 6. Nc3 h6 7. d3
Ngf6 8. Qe1 Be7 9. Qg3 Bg4 10. h3 Bxf3 11. Qxf3 Nh7 12. Bxf7+ Kxf7 13. fxe5+
Nhf6 14. exf6 Nxf6 15. Nd5 Rf8 16. Nxf6 Bxf6 17. Qg4 Ke7 18. c3 Qe8 19. Be3 h5
20. Qe2 g6 21. d4 Kd7 22. Qb5+ Kd8 23. Qxb7 Rc8 24. Rf3 c6 25. Qb4 Kd7 26. d5
Qe5 27. dxc6+ Rxc6 28. Raf1 a5 29. Qa4 d5 30. exd5 Qxd5 31. Rxf6 Rfxf6 32. Rxf6
Kc7 33. Qxc6+ Qxc6 34. Rxc6+ Kxc6 35. Kf2 Kd5 36. Ke2 Kc4 37. Kd2 a4 38. Bg5
Kd5 39. Kd3 Kc5 40. b4+ 1-0